000 00412cam a22001337a 4500
008 180718b1969 xxu||||| |||| 00| 0 eng d
082 _aN1207 B75
100 _aBreman, Donald
245 _aABM: yes or no?
_cby Donald Breman and others
260 _aCalifornia
_bCenter for the Study of Democratic Institute
_c1969
300 _a48p.
440 _aCenter Occassional Paper
650 _aAnti - Ballistic - Missiles
999 _c476566
_d476566